[Event "DVM U16 2019"]
[Site "Magdeburg GER"]
[Date "2019.12.28"]
[Round "4"]
[White "Gillmeister, Gino"]
[Black "Hartwig, Eric-Jordan"]
[Result "1-0"]
[Termination "normal"]
[Board "8.4"]
[WhiteElo "1599"]
[BlackElo "1170"]
[WhiteTeam "SC Borussia Lichtenberg"]
[BlackTeam "Schachklub Münster 32 e. V."]
[PlyCount "119"]
[WhiteFideId "16224914"]
[BlackFideId "16298454"]
[EventCountry "GER"]
[EventRounds "7"]
[EventType "team-swiss"]
[EventDate "2019.12.26"]

1. b3 Nf6 2. Bb2 g6 3. e3 Bg7 4. Nf3 d6 5. d4 Nbd7 6. c4 c5 7. Be2 e6 8. O-O
O-O 9. Nbd2 d5 10. Rc1 b6 11. h3 Bb7 12. Qc2 cxd4 13. Nxd4 Rc8 14. Qb1 Qe7 15.
Rfd1 dxc4 16. Nxc4 Rfd8 17. Nb5 Ba6 18. Nbd6 Rc6 19. Bf3 Rc7 20. Ba3 Nc5 21. b4
Bxc4 22. bxc5 Bd5 23. Bxd5 Nxd5 24. Nb5 Rc6 25. cxb6 Rxc1 26. Qxc1 Qb7 27. Nxa7
Qxb6 28. Nc6 Rc8 29. Rxd5 Rxc6 30. Rc5 Rxc5 31. Qxc5 Qxc5 32. Bxc5 Bc3 33. Kf1
f5 34. Ke2 Kf7 35. Kd3 Be1 36. f3 Ke8 37. Kc4 Kd7 38. Kb5 Kc7 39. a4 h5 40. f4
Bc3 41. Bd4 Bd2 42. a5 Be1 43. a6 Kb8 44. Kc6 Bh4 45. Kd7 g5 46. Kxe6 gxf4 47.
exf4 Bg3 48. Kxf5 h4 49. Ke6 Be1 50. f5 Bb4 51. f6 Kc7 52. a7 Kb7 53. f7 Ka8
54. Kd7 Bf8 55. Ke8 Bh6 56. f8=Q Bxf8 57. Kxf8 Kb7 58. Bf2 Ka8 59. Bxh4 Kxa7
60. g4 1-0

[Event "DVM U16 2019"]
[Site "Magdeburg GER"]
[Date "2019.12.28"]
[Round "4"]
[White "Liebold, Aaron"]
[Black "Leitherer, Johannes"]
[Result "1-0"]
[Termination "normal"]
[Board "9.1"]
[WhiteElo "2001"]
[BlackElo "1833"]
[WhiteTeam "ESV Gera"]
[BlackTeam "Stuttgarter SF 1879"]
[PlyCount "63"]
[WhiteFideId "12997846"]
[BlackFideId "16261593"]
[EventCountry "GER"]
[EventRounds "7"]
[EventType "team-swiss"]
[EventDate "2019.12.26"]

1. e4 e5 2. Nf3 Nc6 3. Bc4 Bc5 4. c3 Nf6 5. d4 exd4 6. O-O d5 7. exd5 Nxd5 8.
cxd4 Bb6 9. Bxd5 Qxd5 10. Nc3 Qd8 11. Re1+ Ne7 12. Qe2 c6 13. b3 Be6 14. Ba3 h6
15. Ne5 O-O 16. Nxf7 Rxf7 17. Qxe6 Nf5 18. Rad1 Bxd4 19. Bc5 Bxc5 20. Rxd8+
Rxd8 21. Ne4 Bb6 22. Kh1 Rdd7 23. Nf6+ gxf6 24. Qxf5 Kg7 25. h4 Rd5 26. Qg4+
Kh7 27. Re8 Rg7 28. Qe4+ f5 29. Qe2 Rdd7 30. Re6 Bd8 31. Qh5 Rdf7 32. Rxh6+ 1-0

[Event "DVM U16 2019"]
[Site "Magdeburg GER"]
[Date "2019.12.28"]
[Round "4"]
[White "Alkabetz, Michael"]
[Black "Helmsdorf, Marius"]
[Result "1/2-1/2"]
[Termination "normal"]
[Board "9.2"]
[WhiteElo "1644"]
[BlackElo "1574"]
[WhiteTeam "Stuttgarter SF 1879"]
[BlackTeam "ESV Gera"]
[PlyCount "41"]
[WhiteFideId "16261577"]
[BlackFideId "16274873"]
[EventCountry "GER"]
[EventRounds "7"]
[EventType "team-swiss"]
[EventDate "2019.12.26"]

1. e4 e6 2. d4 d5 3. Nc3 Nf6 4. e5 Nfd7 5. Bd3 c5 6. Be3 cxd4 7. Bxd4 Nc6 8.
Bb5 Be7 9. Bxc6 bxc6 10. f4 O-O 11. Nf3 c5 12. Bf2 Ba6 13. Ne2 Qa5+ 14. Qd2
Qxd2+ 15. Kxd2 Nb6 16. b3 Rfd8 17. c3 Bb7 18. Kc2 Nd7 19. Rhe1 Nb8 20. Rad1 Nc6
21. Kb2 1/2-1/2

[Event "DVM U16 2019"]
[Site "Magdeburg GER"]
[Date "2019.12.28"]
[Round "4"]
[White "Frank, Marian"]
[Black "Bantchev, Malte"]
[Result "1-0"]
[Termination "normal"]
[Board "9.3"]
[WhiteElo "1286"]
[BlackElo "1480"]
[WhiteTeam "ESV Gera"]
[BlackTeam "Stuttgarter SF 1879"]
[PlyCount "108"]
[WhiteFideId "16245059"]
[BlackFideId "16288882"]
[EventCountry "GER"]
[EventRounds "7"]
[EventType "team-swiss"]
[EventDate "2019.12.26"]

1. d4 d5 2. Nf3 Nf6 3. c4 c6 4. e3 Bg4 5. Nc3 e6 6. Be2 Bd6 7. b3 Nbd7 8. Bb2
O-O 9. O-O Qc7 10. h3 Bf5 11. Rc1 Rac8 12. cxd5 exd5 13. Nb5 Qb8 14. Nxd6 Qxd6
15. Bd3 Bxd3 16. Qxd3 Ne4 17. Rc2 Rfe8 18. Rfc1 h6 19. a3 Rc7 20. b4 a6 21. Nd2
Nxd2 22. Qxd2 Nb6 23. Qd3 Nc4 24. Ba1 Ra8 25. e4 Qg6 26. Qf3 Rd7 27. exd5 cxd5
28. Re2 Qd6 29. Rce1 a5 30. Qd3 g6 31. Bc3 a4 32. Bd2 Nxd2 33. Qxd2 Kg7 34. Re3
Rc8 35. Rc1 Rxc1+ 36. Qxc1 Rc7 37. Rc3 Rxc3 38. Qxc3 Qc6 39. Qc5 Qxc5 40. bxc5
Kf6 41. f3 Kf5 42. Kf2 g5 43. Ke3 h5 44. g3 h4 45. g4+ Kg6 46. Kd3 Kf6 47. Kc3
Ke7 48. Kb4 Kd7 49. Kxa4 Kc6 50. Kb4 b6 51. cxb6 Kxb6 52. a4 Ka6 53. Kc5 Ka5
54. Kxd5 Kxa4 1-0

[Event "DVM U16 2019"]
[Site "Magdeburg GER"]
[Date "2019.12.28"]
[Round "4"]
[White "Zhang, Guo Hong"]
[Black "Schulter, Moritz"]
[Result "0-1"]
[Termination "normal"]
[Board "9.4"]
[WhiteElo "1217"]
[BlackElo "1598"]
[WhiteTeam "Stuttgarter SF 1879"]
[BlackTeam "ESV Gera"]
[PlyCount "120"]
[WhiteFideId "16288890"]
[BlackFideId "16245067"]
[EventCountry "GER"]
[EventRounds "7"]
[EventType "team-swiss"]
[EventDate "2019.12.26"]

1. d4 d5 2. c4 e6 3. Nf3 Nf6 4. Bg5 Be7 5. cxd5 Nxd5 6. Bxe7 Nxe7 7. e4 O-O 8.
Bc4 Nd7 9. O-O Nf6 10. Nc3 b6 11. Qc2 h6 12. Rad1 Bb7 13. Rfe1 c6 14. e5 Nfd5
15. Bxd5 Nxd5 16. Ne4 Ne7 17. Nd6 Qd7 18. Nd2 Nc8 19. N2c4 Ba6 20. Nxc8 Bxc4
21. Nxb6 axb6 22. Qxc4 b5 23. Qb3 Rfd8 24. Rc1 Ra4 25. d5 cxd5 26. Rc5 Rb8 27.
Rec1 Re4 28. Qc3 b4 29. Qg3 Rc4 30. R5xc4 dxc4 31. f4 Qa7+ 32. Qf2 Qxa2 33. Qc2
Rc8 34. b3 Qxc2 35. Rxc2 c3 36. Kf2 Rd8 37. Ke2 Kf8 38. Rc1 Rd2+ 39. Ke3 Ke7
40. Ra1 Rd7 41. Rc1 Kd8 42. g4 Kc7 43. h3 Kc6 44. Ke2 Kc5 45. h4 Rd2+ 46. Ke3
Rb2 47. Kd3 Rxb3 48. Ra1 Ra3 49. Rb1 Ra2 50. Rg1 Rd2+ 51. Ke3 b3 52. Rc1 Kc4
53. h5 b2 54. Rb1 Rd3+ 55. Ke4 c2 56. Rxb2 c1=Q 57. Rb4+ Kxb4 58. Kxd3 Qxf4 59.
Ke2 Qg3 60. Kd2 Kc4 0-1

[Event "DVM U16 2019"]
[Site "Magdeburg GER"]
[Date "2019.12.28"]
[Round "4"]
[White "Pikalow, Michael"]
[Black "Gubariev, Jakob"]
[Result "1/2-1/2"]
[Termination "normal"]
[Board "10.1"]
[WhiteElo "1849"]
[BlackElo "1896"]
[WhiteTeam "USC Magdeburg"]
[BlackTeam "Schachfreunde Augsburg"]
[PlyCount "62"]
[WhiteFideId "16227638"]
[BlackFideId "16216938"]
[EventCountry "GER"]
[EventRounds "7"]
[EventType "team-swiss"]
[EventDate "2019.12.26"]

1. e4 c5 2. Nc3 Nc6 3. Nf3 e6 4. d4 cxd4 5. Nxd4 a6 6. g3 Qc7 7. Bg2 Nf6 8. O-O
Be7 9. Be3 b5 10. e5 Ng8 11. Nxc6 dxc6 12. Qf3 Bb7 13. Qg4 g6 14. Rad1 h5 15.
Qf3 Rb8 16. Ne4 c5 17. Nd6+ Bxd6 18. exd6 Qd7 19. Qf4 Bxg2 20. Kxg2 Rc8 21. Kg1
f6 22. b4 cxb4 23. Qxb4 Kf7 24. Qa5 Rc6 25. Qd2 Kg7 26. a4 Nh6 27. axb5 axb5
28. Qb4 Rc4 29. Bxh6+ Kxh6 30. Qb2 Kg7 31. Rd4 Rhc8 1/2-1/2

[Event "DVM U16 2019"]
[Site "Magdeburg GER"]
[Date "2019.12.28"]
[Round "4"]
[White "Brückner, Alexander"]
[Black "Schiffner, Robin"]
[Result "1-0"]
[Termination "normal"]
[Board "10.2"]
[WhiteElo "1876"]
[BlackElo "1377"]
[WhiteTeam "Schachfreunde Augsburg"]
[BlackTeam "USC Magdeburg"]
[PlyCount "87"]
[WhiteFideId "12952613"]
[BlackFideId "16210328"]
[EventCountry "GER"]
[EventRounds "7"]
[EventType "team-swiss"]
[EventDate "2019.12.26"]

1. e4 e6 2. d4 d5 3. Nd2 Nf6 4. e5 Nfd7 5. Bd3 c5 6. c3 Nc6 7. Ne2 Qb6 8. Nf3
Be7 9. O-O O-O 10. Re1 h6 11. Bb1 f6 12. exf6 Nxf6 13. Nf4 cxd4 14. cxd4 Bb4
15. Re2 Re8 16. Qd3 Bd7 17. a3 Bd6 18. b4 Qc7 19. Qd2 Rac8 20. Bg6 Re7 21. Nd3
e5 22. dxe5 Nxe5 23. Nfxe5 Bxe5 24. Nxe5 Rxe5 25. Rxe5 Qxe5 26. Bb2 Ne4 27.
Bxe5 Nxd2 28. f3 Nc4 29. Bd4 a6 30. a4 Rc6 31. Bd3 Re6 32. Kf2 Nd2 33. Be3 Nc4
34. Bd4 Kh8 35. a5 Nd2 36. Rc1 Nb3 37. Rc7 Bc6 38. Bxg7+ Kg8 39. Bb2 Nd2 40.
Bf5 Rd6 41. Be5 Rd8 42. Bh7+ Kf8 43. Bg7+ Ke8 44. Bg6# 1-0

[Event "DVM U16 2019"]
[Site "Magdeburg GER"]
[Date "2019.12.28"]
[Round "4"]
[White "Rabenstein, Jonathan"]
[Black "Vuckovic, Katarina"]
[Result "0-1"]
[Termination "normal"]
[Board "10.3"]
[WhiteElo "1382"]
[BlackElo "1309"]
[WhiteTeam "USC Magdeburg"]
[BlackTeam "Schachfreunde Augsburg"]
[PlyCount "80"]
[WhiteFideId "16298462"]
[BlackFideId "16232615"]
[EventCountry "GER"]
[EventRounds "7"]
[EventType "team-swiss"]
[EventDate "2019.12.26"]

1. e4 c5 2. Nc3 Nc6 3. f4 e6 4. Nf3 d6 5. Bb5 Bd7 6. Bxc6 Bxc6 7. d3 Nf6 8. O-O
Be7 9. Qe1 b5 10. Qg3 b4 11. Ne2 O-O 12. e5 Ne8 13. Qg4 Qc7 14. d4 Be4 15. c3
Bf5 16. Qg3 f6 17. Nh4 fxe5 18. Nxf5 exf5 19. dxe5 g6 20. h4 Ng7 21. Be3 a5 22.
Rad1 Rfe8 23. Kf2 Bf8 24. exd6 Bxd6 25. Rh1 Nh5 26. Qf3 Re4 27. Ng3 Nxg3 28.
Kxg3 Rae8 29. Rhf1 Rxe3 30. cxb4 Rxf3+ 31. Rxf3 axb4 32. Rdf1 c4 33. Kh2 c3 34.
bxc3 bxc3 35. g3 Re2+ 36. Kg1 c2 37. Rc1 Rd2 38. Rff1 Qc5+ 39. Kh1 Qd5+ 40. Kg1
Qg2# 0-1

[Event "DVM U16 2019"]
[Site "Magdeburg GER"]
[Date "2019.12.28"]
[Round "4"]
[White "Hamkar, Behzad"]
[Black "Dietz, Maximilian"]
[Result "1-0"]
[Termination "normal"]
[Board "10.4"]
[WhiteElo "1223"]
[BlackElo "1186"]
[WhiteTeam "Schachfreunde Augsburg"]
[BlackTeam "USC Magdeburg"]
[PlyCount "95"]
[WhiteFideId "16255631"]
[BlackFideId "16298489"]
[EventCountry "GER"]
[EventRounds "7"]
[EventType "team-swiss"]
[EventDate "2019.12.26"]

1. e4 e6 2. d4 d5 3. exd5 exd5 4. Bd3 Nf6 5. Bf4 Bd6 6. Ne2 O-O 7. O-O Re8 8.
Bxd6 Qxd6 9. Ng3 Qb6 10. b3 Kh8 11. c3 Bg4 12. Qc2 c5 13. dxc5 Qxc5 14. Nd2
Nbd7 15. h3 Be6 16. Nf3 h6 17. Rfe1 Re7 18. Re2 Rae8 19. Rae1 Nb8 20. b4 Qb6
21. Nf5 Bxf5 22. Rxe7 Rxe7 23. Rxe7 Be6 24. Nd4 Kg8 25. Nxe6 fxe6 26. Qe2 Qc6
27. Qxe6+ Qxe6 28. Rxe6 Nc6 29. Bg6 Kf8 30. g4 d4 31. cxd4 Nxd4 32. Re3 Nc6 33.
a3 Ne7 34. Bc2 Nfd5 35. Rf3+ Ke8 36. Ba4+ Kd8 37. Rf8+ Kc7 38. Rf7 Kd6 39. Rxg7
Nc3 40. Bb3 Ne2+ 41. Kf1 Nd4 42. Ba2 Nc2 43. Rh7 Nxa3 44. Rxh6+ Kd7 45. Be6+
Kd8 46. g5 Ke8 47. Rh8+ Ng8 48. Rxg8+ 1-0